Culture Générale #22 - Statistiques

Statistiques générales
  • Ce quiz a été pris 145 fois
  • Le résultat moyen est 14 sur 20
Statistiques - réponses
Questions Réponses % Correct
Quelle est la formule chimique de l’eau ? H₂O
97%
Quelle est la monnaie officielle du Royaume-Uni ? Livre Sterling
97%
Quelle langue est la plus parlée en Amérique du Sud ? Espagnol
96%
Combien y a-t-il de dents chez un adulte en bonne santé (sans dents de sagesse retirées) ? 32
93%
Quelle organisation internationale regroupe 193 États membres et vise à maintenir la paix et la sécurité dans le monde ? ONU
93%
Quelle planète possède les anneaux les plus visibles depuis la Terre ? Saturne
92%
Quel est le plus grand os du corps humain ? le Fémur
89%
Quel est l’animal terrestre le plus rapide ? le Guépard
89%
Quel super-héros a pour alter ego Bruce Wayne ? Batman
82%
Quel est le plus grand nombre d’Oscars remportés par un seul film ? (record partagé par 3 films, Ben-Hur, Titanic et Le Seigneur des Anneaux : Le Retour du Roi) 11
80%
Dans quelle série peut-on trouver le personnage de Walter White ? Breaking Bad
80%
Qui a écrit Madame Bovary ? Gustave Flaubert
68%
Quel philosophe grec était le maître d’Alexandre le Grand ? Aristote
67%
Dans quelle ville se déroule l'intrigue de Roméo & Juliette ? Vérone
66%
Quel gaz les plantes absorbent-elles principalement pour la photosynthèse ? Dioxyde de Carbone (CO2)
60%
Comment appelle-t-on l’explosion d’une étoile en fin de vie ? Supernova
59%
Quel chanteur est surnommé « The Boss » ? Bruce Springsteen
35%
Comment appelle-t-on l’inflammation des articulations ? Arthrite
30%
Comment s’appelait le compositeur considéré comme l’ennemi juré d’Amadeus Mozart ? Antonio Salieri
28%
Quel coach a remporté 11 bagues et détient le record de titres en NBA ? Phil Jackson
14%
Aucun quiz correspondant
Distribution des résultats
% des personnes avec chaque résultat
Percentile par nombre de réponses
Votre historique - résultats
Vous n’avez pas pris ce quiz